| 000 | 00844nam a2200205Ia 4500 | ||
|---|---|---|---|
| 999 |
_c38271 _d38271 |
||
| 001 | 4278 | ||
| 003 | GE_BSU | ||
| 005 | 20191015123434.0 | ||
| 008 | 181216s1980||||ge |||||||||||||| ||geo|| | ||
| 040 | _cGE_BSU | ||
| 041 | _ageo | ||
| 080 | _a332.1(479.22) მ–74 | ||
| 100 |
_aმიქელაძე, ირაკლი _94712 |
||
| 245 |
_aტერიტორიული დაგეგმვის პრობლემები / _cრედ. ს. სოსელია. |
||
| 264 |
_aთბილისი : _bმეცნიერება, _c1980. |
||
| 300 |
_a287 გვ. ; _b22 სმ. |
||
| 653 | _aსაქართველოს ტერიტორიული რეგიონალური ეკონომიკა | ||
| 700 |
_aსოსელია, ს. _eრედაქტორი _9738 |
||
| 942 |
_cBK _2udc |
||